Sports Quiz

Random Sports or Clickable Quiz

Anything but the MLB Quiz Stats

 Plays Quiz Updated Nov 19, 2021

     
Support Sporcle.
Go Orange.
Score 0/30 Timer 02:00
4 Plays Today
% Correct
???
67.1%
???
66.9%
???
66.8%
???
66.8%
???
66.8%
???
66.6%
???
66.5%
???
66.3%
???
66.2%
???
66.2%
???
66%
???
65.9%
???
65.7%
???
65.5%
???
65.4%
% Correct
???
65.4%
???
65.2%
???
65.1%
???
64.9%
???
64.7%
???
64.7%
???
64.3%
???
64.2%
???
64.1%
???
64.1%
???
64%
???
63.9%
???
63.8%
???
63.6%
???
63.2%

From the Vault

'L' Entertainment Images II

by druhutch

We think things that start with L are just lovely.
Remove Ads.
Support Sporcle.
Get the best of Sporcle when you Go Orange. This ad-free experience offers more features, more stats, and more fun while also helping to support Sporcle. Thank you for becoming a member.

Show Comments

Extras

Top Quizzes Today


Score Distribution

Your Account Isn't Verified!

In order to create a playlist on Sporcle, you need to verify the email address you used during registration. Go to your Sporcle Settings to finish the process.

Report this User

Report this user for behavior that violates our Community Guidelines.

Details: